[Event "Campeonato de España Universitario 2008"]
[Site "Madrid ESP"]
[Date "2008.05.08"]
[Round "2.51"]
[White "Caravaca Aguirre, Antonio Miguel"]
[Black "Gil Rodriguez, Isabel"]
[Result "1-0"]
[WhiteElo "2130"]
[BlackElo "1916"]
[PlyCount "95"]
[EventDate "2008.05.08"]
[EventType "swiss"]
[EventRounds "9"]
[EventCountry "ESP"]
[Source "lmi"]
[SourceDate "2008.05.08"]

1. e4 c5 2. Nf3 Nc6 3. d3 g6 4. g3 Bg7 5. Bg2 d6 6. O-O e6 7. c3 Nge7 8. Be3
O-O 9. Na3 a6 10. Nc2 b6 11. d4 cxd4 12. Ncxd4 Bb7 13. Qd2 Nxd4 14. Nxd4 d5 15.
exd5 Bxd5 16. Bh6 Bxg2 17. Kxg2 Qd5+ 18. Nf3 Qxd2 19. Bxd2 Nc6 20. Rad1 Bf6 21.
Be3 b5 22. Rd6 Na5 23. Bc1 Nc4 24. Rd3 Nb6 25. Rfd1 Nd5 26. Ng5 Bg7 27. Ne4
Rfc8 28. Be3 Rc4 29. f3 b4 30. b3 Rcc8 31. c4 Nxe3+ 32. Rxe3 Rd8 33. Red3 Rxd3
34. Rxd3 a5 35. Nc5 Bf8 36. Na4 Be7 37. Kf2 Kf8 38. Ke2 Ke8 39. Rd4 Bf6 40. Rd6
Ke7 41. Rd1 h5 42. Nb6 Rd8 43. Rxd8 Kxd8 44. Kd3 Kc7 45. Na4 Kc6 46. Ke4 g5 47.
f4 g4 48. f5 1-0

[Event "Campeonato de España Universitario 2008"]
[Site "Madrid ESP"]
[Date "2008.05.08"]
[Round "2.52"]
[White "Gueler Verdasco, Martin"]
[Black "Pascual Palomo, Lucia"]
[Result "1-0"]
[WhiteElo "1887"]
[BlackElo "2106"]
[PlyCount "53"]
[EventDate "2008.05.08"]
[EventType "swiss"]
[EventRounds "9"]
[EventCountry "ESP"]
[Source "lmi"]
[SourceDate "2008.05.08"]

1. d4 e6 2. Nf3 Nf6 3. Bg5 Be7 4. e3 b6 5. Bd3 Bb7 6. O-O O-O 7. Nbd2 h6 8. Bh4
c5 9. c3 Nc6 10. Nc4 d6 11. a4 d5 12. Nce5 Ne4 13. Nxc6 Bxc6 14. Bxe7 Qxe7 15.
Bxe4 dxe4 16. Ne5 Bb7 17. a5 Rad8 18. axb6 axb6 19. Ra7 Qc7 20. Qb3 Ra8 21.
Rfa1 cxd4 22. exd4 Bd5 23. Qa4 Qd6 24. Rxa8 Rxa8 25. Qxa8+ Bxa8 26. Rxa8+ Kh7
27. Rh8+ 1-0

[Event "Campeonato de España Universitario 2008"]
[Site "Madrid ESP"]
[Date "2008.05.08"]
[Round "2.53"]
[White "Schneider Sanchez, Carlos D"]
[Black "Martinez Sanchez, Carmen"]
[Result "1/2-1/2"]
[WhiteElo "2105"]
[BlackElo "1907"]
[PlyCount "115"]
[EventDate "2008.05.08"]
[EventType "swiss"]
[EventRounds "9"]
[EventCountry "ESP"]
[Source "lmi"]
[SourceDate "2008.05.08"]

1. Nf3 c5 2. c4 Nc6 3. g3 Nf6 4. Bg2 g6 5. O-O Bg7 6. Nc3 O-O 7. d4 cxd4 8.
Nxd4 Nxd4 9. Qxd4 d6 10. h3 a6 11. Qd3 Rb8 12. Bg5 h6 13. Be3 Bf5 14. Qd2 h5
15. Ba7 Ra8 16. Bd4 Qd7 17. Kh2 Rac8 18. e4 Be6 19. b3 b5 20. cxb5 axb5 21.
Rac1 Rfd8 22. f4 d5 23. e5 Ne4 24. Nxe4 dxe4 25. Rfd1 Rxc1 26. Qxc1 Rc8 27. Qb2
Bh6 28. Rd2 h4 29. Bf2 hxg3+ 30. Kxg3 Qb7 31. Qd4 Bf5 32. h4 Ra8 33. Rc2 Bf8
34. Qb6 Qxb6 35. Bxb6 e6 36. Re2 Kg7 37. Kf2 Be7 38. Ke3 Bxh4 39. Bxe4 Bxe4 40.
Kxe4 Be7 41. Rc2 Ra6 42. Bc7 Kf8 43. Kd4 Kg8 44. Bb8 Ra8 45. Bd6 Kf8 46. Bxe7+
Kxe7 47. Rc7+ Ke8 48. Kc5 Rxa2 49. Kxb5 Rf2 50. Rc4 g5 51. fxg5 Rf5 52. Re4 Kd7
53. Kc5 Rxg5 54. Kd4 Rg3 55. b4 Rf3 56. Rg4 Kc6 57. Kc4 Rf5 58. Re4 1/2-1/2

[Event "Campeonato de España Universitario 2008"]
[Site "Madrid ESP"]
[Date "2008.05.08"]
[Round "2.54"]
[White "Zamarreño Cuerda, Eva"]
[Black "Pavon Cardenas, Jesus M"]
[Result "0-1"]
[WhiteElo "1839"]
[BlackElo "2093"]
[PlyCount "80"]
[EventDate "2008.05.08"]
[EventType "swiss"]
[EventRounds "9"]
[EventCountry "ESP"]
[Source "lmi"]
[SourceDate "2008.05.08"]

1. e4 e5 2. f4 exf4 3. Nf3 g5 4. h4 g4 5. Ne5 h5 6. Bc4 Nh6 7. d4 d6 8. Nd3 f3
9. gxf3 g3 10. Qe2 Nc6 11. c3 Be7 12. Bf4 Bxh4 13. Qg2 Na5 14. Bb5+ c6 15. Ba4
Nc4 16. Nd2 Nxd2 17. Kxd2 Bd7 18. Bxd6 Bg5+ 19. Kc2 h4 20. Rae1 Be6 21. Be5 f6
22. Bxg3 hxg3 23. d5 Qa5 24. Bb3 Bf7 25. f4 O-O-O 26. fxg5 fxg5 27. Ne5 Qc7 28.
Nxf7 Nxf7 29. dxc6 Rhf8 30. cxb7+ Kb8 31. Rh7 Rd7 32. Rf1 Rfd8 33. Qh3 Rd2+ 34.
Kc1 g2 35. Rg1 Qf4 36. Kb1 g4 37. Qh4 Qf1+ 38. Qe1 Qd3+ 39. Kc1 Re2 40. Qd1
Qe3+ 0-1

[Event "Campeonato de España Universitario 2008"]
[Site "Madrid ESP"]
[Date "2008.05.08"]
[Round "2.56"]
[White "Cortes Mamblona, Josep Manel"]
[Black "Devesa Raris, Victor Hugo"]
[Result "1-0"]
[WhiteElo "2054"]
[BlackElo "1903"]
[PlyCount "77"]
[EventDate "2008.05.08"]
[EventType "swiss"]
[EventRounds "9"]
[EventCountry "ESP"]
[Source "lmi"]
[SourceDate "2008.05.08"]

1. e4 c5 2. Nc3 e6 3. f4 a6 4. Nf3 Nc6 5. a4 g6 6. d4 Bg7 7. d5 exd5 8. exd5
Qe7+ 9. Be2 Nd4 10. O-O Nxe2+ 11. Nxe2 d6 12. Ng3 Qc7 13. Re1+ Ne7 14. Qe2 Bg4
15. Ra3 Kf8 16. h3 Bxf3 17. Qxf3 f5 18. Kh1 Kf7 19. Rae3 Rhe8 20. Qe2 Qd7 21.
c4 Ng8 22. Nxf5 gxf5 23. Qh5+ Kf8 24. Re6 Rxe6 25. dxe6 Nf6 26. Qxf5 Qe7 27. g4
Kg8 28. g5 Nh5 29. Qg4 Qe8 30. f5 Qc6+ 31. Kg1 Bd4+ 32. Be3 Bxe3+ 33. Rxe3 Ng7
34. f6 d5 35. fxg7 d4 36. Qf4 Qe8 37. Rf3 Kxg7 38. Qe5+ Kg8 39. Rf7 1-0

[Event "Campeonato de España Universitario 2008"]
[Site "Madrid ESP"]
[Date "2008.05.08"]
[Round "2.58"]
[White "Lopez Reboso, Hector"]
[Black "Fernandez Herrero, Mario"]
[Result "1-0"]
[WhiteElo "2048"]
[BlackElo "1867"]
[PlyCount "53"]
[EventDate "2008.05.08"]
[EventType "swiss"]
[EventRounds "9"]
[EventCountry "ESP"]
[Source "lmi"]
[SourceDate "2008.05.08"]

1. e4 e6 2. d4 d5 3. exd5 exd5 4. Nf3 Nf6 5. Bd3 Bd6 6. O-O O-O 7. Bg5 Bg4 8.
h3 Bh5 9. Re1 Nbd7 10. Nbd2 h6 11. Bh4 Re8 12. c4 dxc4 13. Bxc4 Nb6 14. Bb3
Rxe1+ 15. Qxe1 Bb4 16. Qe5 Bg6 17. Qg3 Kh8 18. Qe5 Qd6 19. Bg3 Rd8 20. Qb5 Qf8
21. Bxc7 Rd7 22. Bxb6 axb6 23. Nc4 Nd5 24. Nce5 Rd8 25. Bxd5 Qd6 26. Bxf7 Be4
27. Bh5 1-0

[Event "Campeonato de España Universitario 2008"]
[Site "Madrid ESP"]
[Date "2008.05.08"]
[Round "2.62"]
[White "Rodriguez Gonzalez, Alex"]
[Black "Campomanes Rodriguez, Javier"]
[Result "1-0"]
[WhiteElo "2041"]
[BlackElo "1710"]
[PlyCount "68"]
[EventDate "2008.05.08"]
[EventType "swiss"]
[EventRounds "9"]
[EventCountry "ESP"]
[Source "lmi"]
[SourceDate "2008.05.08"]

1. e4 d5 2. exd5 Qxd5 3. Nc3 Qd6 4. d4 Nf6 5. Nf3 a6 6. g3 b5 7. Bg2 Bb7 8. Bf4
Qb4 9. O-O Qxb2 10. Qd2 Ne4 11. Nxe4 Bxe4 12. Rfb1 Qxc2 13. Qxc2 Bxc2 14. Rc1
Be4 15. Rxc7 Nd7 16. Rxd7 Bxf3 17. Bxf3 Rc8 18. Rc7 Rxc7 19. Bxc7 e6 20. Bc6+
Ke7 21. d5 exd5 22. Re1+ Kf6 23. Bd8+ Kg6 24. Re8 d4 25. Be7 Bxe7 26. Rxh8 Bf6
27. Be4+ Kg5 28. f4+ Kg4 29. Rxh7 g5 30. Rxf7 Bh8 31. Kg2 gxf4 32. Rxf4+ Kg5
33. h4+ Kh6 34. Rf7 Kh5 1-0

[Event "Campeonato de España Universitario 2008"]
[Site "Madrid ESP"]
[Date "2008.05.08"]
[Round "2.66"]
[White "Colls Bosch, Emili"]
[Black "Garcia Gil, Jesus"]
[Result "1/2-1/2"]
[WhiteElo "2030"]
[BlackElo "1795"]
[PlyCount "110"]
[EventDate "2008.05.08"]
[EventType "swiss"]
[EventRounds "9"]
[EventCountry "ESP"]
[Source "lmi"]
[SourceDate "2008.05.08"]

1. e4 e6 2. d4 d5 3. Nd2 Nf6 4. e5 Nfd7 5. Bd3 c5 6. c3 Nc6 7. Ne2 Qb6 8. Nf3
Be7 9. b3 cxd4 10. cxd4 f6 11. exf6 Nxf6 12. O-O O-O 13. Bg5 h6 14. Bh4 Bd6 15.
Bg3 Qc7 16. Rc1 Qe7 17. Nh4 Bxg3 18. hxg3 Qd6 19. Ng6 Rf7 20. Bb1 e5 21. Rxc6
Qxc6 22. Nxe5 Qc7 23. Nxf7 Qxf7 24. Nf4 Bg4 25. f3 Be6 26. Re1 Bd7 27. Bg6 Qf8
28. Nd3 Be8 29. Ne5 Bxg6 30. Nxg6 Qd6 31. g4 Re8 32. Rxe8+ Nxe8 33. Qd3 Qb4 34.
Qe3 Nf6 35. Ne7+ Kh8 36. Nf5 Qa3 37. g5 Qxa2 38. Nxh6 Qb1+ 39. Kh2 Qg6 40. Qe6
Qh5+ 41. Kg1 Qe8 42. Nf7+ Kg8 43. Nh6+ Kh8 44. Qh3 Qh5 45. gxf6 Qxh3 46. fxg7+
Kxg7 47. gxh3 Kxh6 48. Kf2 a5 49. Ke3 b5 50. f4 Kh5 51. Kd3 Kh6 52. h4 Kh5 53.
f5 Kh6 54. Kd2 Kh5 55. Kc3 Kh6 1/2-1/2

[Event "Campeonato de España Universitario 2008"]
[Site "Madrid ESP"]
[Date "2008.05.08"]
[Round "3.1"]
[White "Navarro Ortiz De Ortuño, Borja Ed"]
[Black "Perez Candelario, Manuel"]
[Result "0-1"]
[WhiteElo "2224"]
[BlackElo "2537"]
[PlyCount "158"]
[EventDate "2008.05.08"]
[EventType "swiss"]
[EventRounds "9"]
[EventCountry "ESP"]
[Source "lmi"]
[SourceDate "2008.05.08"]

1. d4 d5 2. Nf3 Nf6 3. Bf4 c5 4. c3 Nbd7 5. e3 Qb6 6. Qb3 e6 7. Nbd2 Be7 8. h3
O-O 9. Be2 a5 10. O-O a4 11. Qxb6 Nxb6 12. a3 Bd7 13. Bc7 Nc8 14. Ne5 Bc6 15.
Nd3 b6 16. Rfe1 Bb5 17. Bf4 Na7 18. Bf1 Rfc8 19. Rad1 Nc6 20. Ne5 Bxf1 21. Nxc6
Rxc6 22. Kxf1 Ra5 23. Bg5 h6 24. Bxf6 Bxf6 25. Nf3 Rc7 26. Rb1 Rb5 27. Red1 Kf8
28. Ke2 Ke7 29. Rdc1 Kd6 30. Rd1 Ra5 31. Ke1 Ra8 32. Ke2 h5 33. Rd2 g5 34. Rh1
Rh8 35. Rdd1 g4 36. hxg4 hxg4 37. Nd2 Rcc8 38. Nb1 Kc6 39. Rc1 e5 40. dxe5 Bxe5
41. Nd2 b5 42. Rcd1 b4 43. cxb4 cxb4 44. Rxh8 Rxh8 45. Rc1+ Kb5 46. axb4 Bxb2
47. Rc7 Kxb4 48. Rb7+ Ka3 49. e4 Re8 50. Kd1 Rd8 51. exd5 Rxd5 52. Ke2 Ka2 53.
Rxf7 a3 54. Rb7 Rd4 55. Ke3 Ra4 56. Kd3 Ra8 57. Nc4 Kb1 58. Nxa3+ Rxa3+ 59. Ke4
g3 60. Rf7 Kc1 61. fxg3 Rxg3 62. Rf1+ Kc2 63. Rf2+ Kb1 64. Kf4 Rg8 65. g4 Ka2
66. Rg2 Kb3 67. Kf5 Bd4 68. g5 Kc4 69. Ra2 Rf8+ 70. Kg6 Kd5 71. Rd2 Ke4 72. Ra2
Rg8+ 73. Kh6 Kf5 74. Ra5+ Be5 75. Ra7 Rg6+ 76. Kh5 Rxg5+ 77. Kh4 Rg4+ 78. Kh3
Rg3+ 79. Kh4 Rb3 0-1

[Event "Campeonato de España Universitario 2008"]
[Site "Madrid ESP"]
[Date "2008.05.08"]
[Round "3.2"]
[White "Ibarra Jerez, Jose Carlos"]
[Black "Sanchez Saez, Francisco"]
[Result "1-0"]
[WhiteElo "2496"]
[BlackElo "2219"]
[PlyCount "87"]
[EventDate "2008.05.08"]
[EventType "swiss"]
[EventRounds "9"]
[EventCountry "ESP"]
[Source "lmi"]
[SourceDate "2008.05.08"]

1. e4 c5 2. Nf3 d6 3. d4 cxd4 4. Nxd4 Nf6 5. Nc3 g6 6. Be3 Bg7 7. f3 O-O 8. Qd2
Nc6 9. O-O-O d5 10. Qe1 e5 11. Nxc6 bxc6 12. exd5 Nxd5 13. Bc4 Be6 14. Ne4 Qb8
15. Bc5 Re8 16. Qh4 Nf4 17. Bxe6 Nxe6 18. Be7 Nd4 19. g4 Nxf3 20. Qf2 Rxe7 21.
Qxf3 Qb6 22. h4 Rb8 23. b3 Rf8 24. g5 h5 25. Rd6 Qb4 26. Rhd1 a5 27. Kb2 a4 28.
a3 Qb8 29. Rxc6 axb3 30. cxb3 Rb7 31. Qd3 Qa8 32. Qc4 Rfb8 33. Rd3 Bf8 34.
Rxg6+ Kh8 35. Ra6 Ra7 36. Rxa7 Qxa7 37. b4 Ra8 38. Nf6 Bxb4 39. Qxb4 Rb8 40.
Ka2 Qc7 41. Qc3 Qb6 42. Qc2 Qe6+ 43. Rd5 Rc8 44. Qh7# 1-0

[Event "Campeonato de España Universitario 2008"]
[Site "Madrid ESP"]
[Date "2008.05.08"]
[Round "3.3"]
[White "Aymerich Rosell, Pablo"]
[Black "Almagro Llamas, Pablo"]
[Result "1/2-1/2"]
[WhiteElo "2210"]
[BlackElo "2472"]
[PlyCount "33"]
[EventDate "2008.05.08"]
[EventType "swiss"]
[EventRounds "9"]
[EventCountry "ESP"]
[Source "lmi"]
[SourceDate "2008.05.08"]

1. d4 d5 2. c4 c6 3. Nc3 Nf6 4. Nf3 dxc4 5. a4 Bf5 6. Ne5 e6 7. f3 Bb4 8. e4
Bxe4 9. fxe4 Nxe4 10. Qf3 Qxd4 11. Qxf7+ Kd8 12. Bg5+ Kc8 13. Qxe6+ Kc7 14.
Qf7+ Kc8 15. Qe6+ Kc7 16. Qf7+ Kc8 17. Qe6+ 1/2-1/2

[Event "Campeonato de España Universitario 2008"]
[Site "Madrid ESP"]
[Date "2008.05.08"]
[Round "3.4"]
[White "Rodriguez Guerrero, Enrique"]
[Black "Gimeno Higueras, Roberto"]
[Result "1-0"]
[WhiteElo "2457"]
[BlackElo "2219"]
[PlyCount "49"]
[EventDate "2008.05.08"]
[EventType "swiss"]
[EventRounds "9"]
[EventCountry "ESP"]
[Source "lmi"]
[SourceDate "2008.05.08"]

1. e4 c6 2. d4 d5 3. Nc3 dxe4 4. Nxe4 Nf6 5. Nxf6+ exf6 6. c3 Bd6 7. Bd3 O-O 8.
Ne2 Re8 9. Qc2 g6 10. Be3 a5 11. O-O-O Be6 12. h4 Nd7 13. h5 Nf8 14. Kb1 Qc7
15. c4 c5 16. Bh6 cxd4 17. Nxd4 Bd7 18. hxg6 fxg6 19. Bxf8 Bxf8 20. Bxg6 hxg6
21. Qxg6+ Bg7 22. Rh7 Bh3 23. gxh3 Rad8 24. Rg1 Re7 25. Nf5 1-0

[Event "Campeonato de España Universitario 2008"]
[Site "Madrid ESP"]
[Date "2008.05.08"]
[Round "3.6"]
[White "Llaneza Vega, Marcos"]
[Black "Martin Alvarez, Iñigo"]
[Result "1-0"]
[WhiteElo "2425"]
[BlackElo "2214"]
[PlyCount "67"]
[EventDate "2008.05.08"]
[EventType "swiss"]
[EventRounds "9"]
[EventCountry "ESP"]
[Source "lmi"]
[SourceDate "2008.05.08"]

1. e4 c5 2. Nc3 e6 3. Nf3 a6 4. d4 cxd4 5. Nxd4 Qc7 6. Be3 Nf6 7. Qd2 Bb4 8. f3
d5 9. exd5 Nxd5 10. Nde2 Nxe3 11. Qxe3 Bc5 12. Qg5 O-O 13. O-O-O b5 14. Ng3 Be7
15. Qd2 b4 16. Nce4 f5 17. Nf2 Bb7 18. Kb1 Rd8 19. Qe1 Rxd1+ 20. Nxd1 Bd5 21.
Ne3 Qe5 22. Bc4 Bf6 23. Qc1 Bg5 24. Re1 Bxc4 25. Nxc4 Qxg3 26. hxg3 Bxc1 27.
Kxc1 Kf7 28. Nd6+ Kf6 29. Ne8+ Kf7 30. Nc7 Ra7 31. Nxe6 h6 32. Nd4 Kf6 33. Re6+
Kf7 34. Rb6 1-0

[Event "Campeonato de España Universitario 2008"]
[Site "Madrid ESP"]
[Date "2008.05.08"]
[Round "3.7"]
[White "Garcia Mendoza, Francisco"]
[Black "Martinez Martin, David"]
[Result "0-1"]
[WhiteElo "2195"]
[BlackElo "2424"]
[PlyCount "101"]
[EventDate "2008.05.08"]
[EventType "swiss"]
[EventRounds "9"]
[EventCountry "ESP"]
[Source "lmi"]
[SourceDate "2008.05.08"]

1. e4 c5 2. Nf3 d6 3. d4 cxd4 4. Nxd4 e6 5. Nc3 a6 6. Be3 b5 7. Qd2 Nf6 8. f3
Bb7 9. O-O-O Nbd7 10. g4 Nb6 11. Bd3 Rc8 12. Rhg1 Nfd7 13. f4 Nc5 14. a3 Be7
15. Kb1 Nba4 16. Nde2 Bf6 17. Nxa4 Nxa4 18. e5 dxe5 19. g5 Be7 20. fxe5 Qc7 21.
h4 Rd8 22. Bd4 Bf3 23. Qf4 Bh5 24. Rdf1 Bxa3 25. Ng3 Rxd4 26. Qxd4 Bxb2 27. Qd6
Qxd6 28. exd6 Bg6 29. Bxg6 hxg6 30. d7+ Kxd7 31. Rxf7+ Kc6 32. Ra7 Bd4 33.
Rxa6+ Kb7 34. Rxa4 bxa4 35. Rd1 Rxh4 36. Ne2 Be5 37. Rg1 Rb4+ 38. Ka2 Rb2+ 39.
Ka3 Rxc2 40. Re1 Rc4 41. Nc1 Bd6+ 42. Kb2 e5 43. Rf1 e4 44. Ne2 a3+ 45. Kb3
Rb4+ 46. Kc3 Rb6 47. Nc1 Be5+ 48. Kc4 Kc6 49. Re1 Kd6 50. Na2 Rb2 51. Ra1 0-1

[Event "Campeonato de España Universitario 2008"]
[Site "Madrid ESP"]
[Date "2008.05.08"]
[Round "3.8"]
[White "Gonzalez Somoza, Oliver"]
[Black "Jimenez Martinez, Jose Vicente"]
[Result "1-0"]
[WhiteElo "2333"]
[BlackElo "2202"]
[PlyCount "55"]
[EventDate "2008.05.08"]
[EventType "swiss"]
[EventRounds "9"]
[EventCountry "ESP"]
[Source "lmi"]
[SourceDate "2008.05.08"]

1. d4 g6 2. c4 Bg7 3. Nc3 d6 4. e4 Nf6 5. Nge2 O-O 6. f3 e5 7. d5 Nh5 8. Be3 f5
9. Qd2 Nd7 10. O-O-O a6 11. exf5 gxf5 12. g4 fxg4 13. fxg4 Nf4 14. Nxf4 exf4
15. Bxf4 Qh4 16. Bg5 Qxg4 17. Be2 Qh3 18. Rdg1 Ne5 19. Rg3 Qf5 20. Rhg1 Kh8 21.
Bh6 Ng6 22. Bxg7+ Kxg7 23. Bd3 Qf7 24. Bxg6 hxg6 25. Qd4+ Kh7 26. Ne4 Qf4+ 27.
Kd1 Bf5 28. Ng5+ 1-0

[Event "Campeonato de España Universitario 2008"]
[Site "Madrid ESP"]
[Date "2008.05.08"]
[Round "3.9"]
[White "Garrido Dominguez, Jesus"]
[Black "Alarcia Astiz, Carlos"]
[Result "0-1"]
[WhiteElo "2324"]
[BlackElo "2191"]
[PlyCount "113"]
[EventDate "2008.05.08"]
[EventType "swiss"]
[EventRounds "9"]
[EventCountry "ESP"]
[Source "lmi"]
[SourceDate "2008.05.08"]

1. e4 c6 2. c4 d5 3. cxd5 cxd5 4. exd5 Nf6 5. Nc3 Nxd5 6. Nf3 e6 7. d4 Be7 8.
Bc4 Nf6 9. O-O O-O 10. Re1 Nc6 11. a3 a6 12. Bd3 b5 13. Bf4 Bb7 14. Rc1 Rc8 15.
Bb1 b4 16. axb4 Nxb4 17. Be5 Qd7 18. Ng5 Nbd5 19. Qd3 g6 20. Qh3 h5 21. Qg3 Ng4
22. Nf3 Nxc3 23. bxc3 Bxf3 24. Qxf3 Nxe5 25. Rxe5 Kg7 26. Qd3 Bf6 27. Ree1 Qc6
28. h3 Rfd8 29. Red1 Qb6 30. Qe2 a5 31. Ba2 Qc6 32. Qb2 Rb8 33. Qa3 Qc7 34. d5
exd5 35. Bxd5 Rbc8 36. Rd3 Qc5 37. Qa2 Rc7 38. Rc2 Re8 39. g3 Rd8 40. Re2 Rcd7
41. c4 Rb8 42. Rf3 Rxd5 43. cxd5 Qc1+ 44. Kg2 Rb1 45. Qxb1 Qxb1 46. d6 Qd1 47.
Ra2 Qd5 48. Raa3 Qxd6 49. Rxa5 Qc6 50. Raa3 g5 51. Kh2 Qe4 52. Rae3 Qc2 53. g4
Bd4 54. Re7 Bf6 55. Ree3 hxg4 56. hxg4 Qc4 57. Kg3 0-1

[Event "Campeonato de España Universitario 2008"]
[Site "Madrid ESP"]
[Date "2008.05.08"]
[Round "3.10"]
[White "Alonso Alvarez, Aitor"]
[Black "Pena Gomez, Manuel"]
[Result "0-1"]
[WhiteElo "2190"]
[BlackElo "2312"]
[PlyCount "70"]
[EventDate "2008.05.08"]
[EventType "swiss"]
[EventRounds "9"]
[EventCountry "ESP"]
[Source "lmi"]
[SourceDate "2008.05.08"]

1. g3 g6 2. Bg2 Bg7 3. c4 Nf6 4. Nc3 O-O 5. e4 d6 6. Nge2 Nc6 7. O-O a6 8. d4
e5 9. d5 Na5 10. Qd3 c5 11. f4 b5 12. fxe5 Ng4 13. exd6 Nxc4 14. a4 Nce5 15.
Qc2 b4 16. Nd1 c4 17. h3 b3 18. Qd2 Nf6 19. Qg5 Qxd6 20. Bd2 Bd7 21. Bc3 Rae8
22. Kh2 Nh5 23. Qd2 Nd3 24. Nf2 Bxc3 25. Qxc3 Ne5 26. Nf4 Ng7 27. Ng4 Bxg4 28.
hxg4 Nxg4+ 29. Kh1 Ne5 30. a5 Rc8 31. Ra4 Rfd8 32. Rc1 Ne8 33. Bf1 Nf6 34. Nd3
Nxd3 35. Bxd3 cxd3 0-1

[Event "Campeonato de España Universitario 2008"]
[Site "Madrid ESP"]
[Date "2008.05.08"]
[Round "3.11"]
[White "Rabadan Velasco, Raul"]
[Black "Eyo Castro-rial, Alberto"]
[Result "1-0"]
[WhiteElo "2309"]
[BlackElo "2189"]
[PlyCount "83"]
[EventDate "2008.05.08"]
[EventType "swiss"]
[EventRounds "9"]
[EventCountry "ESP"]
[Source "lmi"]
[SourceDate "2008.05.08"]

1. d4 f5 2. e4 fxe4 3. Nc3 Nf6 4. Bg5 Nc6 5. d5 Ne5 6. Qe2 Nf7 7. h4 c6 8.
O-O-O Qb6 9. Bxf6 gxf6 10. Nxe4 Bg7 11. Rh3 f5 12. Nc3 d6 13. Re1 Bf6 14. Re3
O-O 15. Nh3 cxd5 16. Nf4 e6 17. Nxe6 Bxe6 18. Rg3+ Kh8 19. Qxe6 Bxc3 20. Rxc3
Ne5 21. Qxd5 Qxf2 22. Rd1 Rad8 23. Qxb7 Rb8 24. Qe7 Qb6 25. Rb3 Qc5 26. Qxd6
Qxd6 27. Rxd6 Rbc8 28. Rb7 a5 29. Rh6 Nf7 30. Rf6 Ne5 31. Rxf8+ Rxf8 32. Rb5
Re8 33. Rxa5 Kg7 34. Bd3 Ng6 35. h5 Nh4 36. g3 Nf3 37. b4 Re1+ 38. Kb2 Re4 39.
Bxe4 fxe4 40. Rf5 Nd2 41. Kc3 e3 42. Kd3 1-0

[Event "Campeonato de España Universitario 2008"]
[Site "Madrid ESP"]
[Date "2008.05.08"]
[Round "3.12"]
[White "Lopez Del Alamo, Antonio"]
[Black "Burguete Archel, Eduardo"]
[Result "0-1"]
[WhiteElo "2299"]
[BlackElo "2179"]
[PlyCount "47"]
[EventDate "2008.05.08"]
[EventType "swiss"]
[EventRounds "9"]
[EventCountry "ESP"]
[Source "lmi"]
[SourceDate "2008.05.08"]

1. e4 e5 2. Bc4 Nf6 3. d3 Nc6 4. Nc3 Bb4 5. Nge2 d5 6. exd5 Nxd5 7. O-O Be6 8.
Bxd5 Bxd5 9. f4 O-O 10. f5 f6 11. Ng3 Qd7 12. Kh1 Ba5 13. Qg4 Nd4 14. Bh6 Rf7
15. Rac1 Kh8 16. Be3 Bb6 17. Nce4 Bxa2 18. b3 a5 19. Rf3 a4 20. bxa4 Rxa4 21.
Nh5 Bd5 22. c4 Bxe4 23. Qxe4 Qc6 24. Qg4 0-1

[Event "Campeonato de España Universitario 2008"]
[Site "Madrid ESP"]
[Date "2008.05.08"]
[Round "3.13"]
[White "Serrano Bozada, Esteban"]
[Black "Montero Melendez, Rafael"]
[Result "0-1"]
[WhiteElo "2188"]
[BlackElo "2295"]
[PlyCount "48"]
[EventDate "2008.05.08"]
[EventType "swiss"]
[EventRounds "9"]
[EventCountry "ESP"]
[Source "lmi"]
[SourceDate "2008.05.08"]

1. e4 d6 2. d4 Nf6 3. Nc3 g6 4. Be3 c6 5. Qd2 b5 6. f3 Nbd7 7. g4 Nb6 8. h4 h5
9. g5 Nfd7 10. O-O-O b4 11. Nb1 a5 12. f4 Bb7 13. f5 Bg7 14. Nh3 c5 15. fxg6
fxg6 16. Nf4 Qc8 17. d5 Ne5 18. Ne6 Qxe6 19. dxe6 Nec4 20. Bd4 Bxd4 21. Qxd4
cxd4 22. Rxd4 Ne5 23. a3 bxa3 24. Nxa3 O-O 0-1

[Event "Campeonato de España Universitario 2008"]
[Site "Madrid ESP"]
[Date "2008.05.08"]
[Round "3.14"]
[White "Muñoz Navarro, Alberto"]
[Black "Fidalgo Fernandez, Javier"]
[Result "0-1"]
[WhiteElo "2178"]
[BlackElo "2280"]
[PlyCount "66"]
[EventDate "2008.05.08"]
[EventType "swiss"]
[EventRounds "9"]
[EventCountry "ESP"]
[Source "lmi"]
[SourceDate "2008.05.08"]

1. e4 c5 2. Nf3 e6 3. d3 Nc6 4. g3 d5 5. Nbd2 g6 6. Bg2 Bg7 7. O-O Nge7 8. Re1
h6 9. c3 b6 10. e5 Ba6 11. Nf1 Qc7 12. a3 Rc8 13. h4 O-O 14. Bf4 b5 15. b4 d4
16. Qc1 Rfd8 17. bxc5 dxc3 18. Bxh6 Rxd3 19. Bxg7 Kxg7 20. N1h2 Nd4 21. Ng4
Nxf3+ 22. Bxf3 Rxf3 23. Qh6+ Kg8 24. Nf6+ Rxf6 25. exf6 Nf5 26. Qg5 Qxc5 27.
Rxe6 Bb7 28. Rae1 Qd5 29. R6e4 Qxe4 30. Rxe4 Bxe4 31. g4 c2 32. Qc1 Nd4 33. Kh2
Ne6 0-1

[Event "Campeonato de España Universitario 2008"]
[Site "Madrid ESP"]
[Date "2008.05.08"]
[Round "3.15"]
[White "Massanet Massanet, Sebastian"]
[Black "Lara Lopez, Jose"]
[Result "1-0"]
[WhiteElo "2278"]
[BlackElo "2178"]
[PlyCount "121"]
[EventDate "2008.05.08"]
[EventType "swiss"]
[EventRounds "9"]
[EventCountry "ESP"]
[Source "lmi"]
[SourceDate "2008.05.08"]

1. e4 e6 2. d4 d5 3. Nd2 Nf6 4. e5 Nfd7 5. Bd3 c5 6. c3 Nc6 7. Ne2 Qb6 8. Nf3
cxd4 9. cxd4 f6 10. exf6 Nxf6 11. O-O Bd6 12. Nc3 O-O 13. Be3 a6 14. Na4 Qc7
15. Rc1 Qe7 16. Bg5 Bd7 17. Re1 Qf7 18. Nc5 Bxc5 19. Rxc5 Rac8 20. Rc2 Qh5 21.
Qd2 Ng4 22. h3 Rxf3 23. hxg4 Qxg4 24. Rxc6 Bxc6 25. Be2 Rcf8 26. Bxf3 Rxf3 27.
Qe2 Qxg5 28. Qxf3 Qg6 29. Qf4 Qe8 30. Re3 Bb5 31. Qc7 Bc6 32. Rg3 Qf7 33. Qc8+
Qe8 34. Qc7 Qf7 35. Qe5 Qe7 36. f4 Qf7 37. Re3 Bd7 38. Qd6 g6 39. Qc7 Bc6 40.
Qc8+ Kg7 41. g3 Qd7 42. Qb8 Qf7 43. Qe5+ Qf6 44. Qxe6 Qxd4 45. Qe5+ Qxe5 46.
Rxe5 Kf6 47. Kf2 h6 48. b4 g5 49. Ke3 d4+ 50. Kxd4 gxf4 51. gxf4 Bf3 52. Ke3
Bc6 53. Kf2 Kg6 54. Kg3 Kf6 55. Kg4 Kg7 56. f5 Ba4 57. Re7+ Kf6 58. Rxb7 h5+
59. Kf4 Bb5 60. Rb6+ Kg7 61. Kg5 1-0

[Event "Campeonato de España Universitario 2008"]
[Site "Madrid ESP"]
[Date "2008.05.08"]
[Round "3.16"]
[White "Gomez Gomez, Francisco Javier"]
[Black "Cruz Alvarez De Ron, Dan"]
[Result "0-1"]
[WhiteElo "2097"]
[BlackElo "2269"]
[PlyCount "40"]
[EventDate "2008.05.08"]
[EventType "swiss"]
[EventRounds "9"]
[EventCountry "ESP"]
[Source "lmi"]
[SourceDate "2008.05.08"]

1. d4 e6 2. e4 d5 3. Nc3 dxe4 4. Nxe4 Bd7 5. Bd3 Bc6 6. Nf3 Nd7 7. Qe2 Be7 8.
c3 Ngf6 9. Nxf6+ Bxf6 10. Bf4 O-O 11. O-O-O Qe7 12. h4 Rfe8 13. Bxh7+ Kxh7 14.
Ng5+ Kg8 15. Rh3 Nf8 16. Qg4 e5 17. dxe5 Bxe5 18. h5 Ne6 19. Be3 Nxg5 20. Bxg5
Qe6 0-1